000 00346nam a2200133Ia 4500
005 20260328104325.0
008 260328s9999||||xx |||||||||||||| ||und||
100 _aKramer, Sibylle
245 0 _aNomadic Living, relocatable residences /
_cSibylle Kramer
260 _bBraun
300 _a272 p.
650 _aARQUITECTURA VERNACULAR
942 _cBK
999 _c11509
_d11509